Datum a čas kvízu
20
Celkem bodů
Celkový počet nahraných bodů na tomto kvízu bez doplňovacích otázek.
3.
Pořadí na kvízu
Konečné umístění týmu na tomto kvízu.
Zaznamenané odpovědi
| # | Otázka | Odpověď | Body | Výsledky |
|---|---|---|---|---|
| 1. | Sociální sítě minulý týden obl... | Frýdek-Mýstek | 1 | |
| 2. | Donald Trump se kvůli obvinění... | Georgia | 0 | |
| 3. | O víkendu proběhl v areálu zná... | Helfštýn, Hefaiston | 1 | |
| 4. | Co nedávno nedokázalo Rusko –... | Indie | 0 | |
| 5. | V neděli skončilo atletické mi... | smíšená štafeta (4 × 400 m), hod oštěpem | 0 | |
| 6. | Jak se jmenoval vůdce chilské... | Augusto Pinochet | 0 | |
| 7. | V dubnu 1961 došlo za podpory... | Zátoka sviní | 0 | |
| 8. | Z obav před atentátem nechal g... | Myanmar | 0 | |
| 9. | Přiřaď diktátora k zemi, kde p... | 1B 2D 3A 4C | 1 | |
| 10. | Který herec hrál hlavní roli v... | Sacha Baron Cohen | 0 |